La construcción del taller de escritura : la escuela, la biblioteca, el club /
Guardado en:
| Autor Principal: | |
|---|---|
| Otros Autores: | |
| Formato: | Libro |
| Publicado: |
Rosario :
Homo Sapiens,
2005
|
| Edición: | 1a. ed., 3a. reimp. |
| Series: | Leer y escribir / dirigida por Carlos Silveyra
|
| Materias: | |
| Etiquetas: |
Agregar Etiqueta
Sin Etiquetas, Sea el primero en etiquetar este registro!
|
| LEADER | 00960nam a22002655a 4500 | ||
|---|---|---|---|
| 001 | CEM.cems012356 | ||
| 005 | 20061204161829.0 | ||
| 008 | 130507s2005##################000#0#####d | ||
| 003 | CEMS | ||
| 020 | |a 9508083808 | ||
| 082 | 0 | 4 | |a 372.6 |
| 100 | 1 | |a Lardone, Lilia | |
| 245 | 1 | 0 | |a La construcción del taller de escritura : |b la escuela, la biblioteca, el club / |c Lilia Lardone ; maría Teresa Andruetto |
| 250 | |a 1a. ed., 3a. reimp. | ||
| 260 | |a Rosario : |b Homo Sapiens, |c 2005 | ||
| 300 | |a 111 p. | ||
| 490 | 0 | |a Leer y escribir / dirigida por Carlos Silveyra | |
| 504 | |a Referencia bibliográfica p. 103-111 | ||
| 505 | 0 | |a Qué es un taller de escritura -- El taller y la escuela -- Las consignas -- Batería de ejercicios | |
| 653 | |a Lengua-enseñanza | ||
| 653 | |a Literatura-enseñanza | ||
| 653 | |a Lengua-taller | ||
| 653 | |a Literatura-taller | ||
| 700 | 1 | |a Andruetto, María Teresa | |
| 859 | |a CEMS |b BIB. CEMS - 11 de abril |h 372.6 |i L322 |p 23643.06 |t Ej.1 | ||
